00330nam a22001337a 4500020001800000082001200018100002400030245001800054250001900072260005500091300001400146700001700160700001900177 a9780074623206 a576 PEL aPelczar, Michael J. aMicrobiology/ aFifth edition  aNew Delhi:bTata McGraw - Hill Publishing, c2007. aVii,918p: aChan, E.C.S. aKrieg, Noel R.